000 00256nam a22001097a 4500
008 160208t xxu||||| |||| 00| 0 eng d
020 _a81-309-0605-8
100 _aJ.C. Blackstock
_91548
245 _aBiochemistry
300 _a307 p. :
942 _2ddc
_cBK
999 _c480000
_d480000